Tipy a nápady pre/pro šéfa poradenský list pro vynikajíci marketing vztahů

Salvato in:
Dettagli Bibliografici
Natura: Periodico
Lingua:slovacco
ceco
Pubblicazione: Bratislava UNIAPRESS INTERNATIONAL
Soggetti:
Tags: Aggiungi Tag
Nessun Tag, puoi essere il primo ad aggiungerne!!

MARC

LEADER 00000nas1a2200000 4500
001 s120247
005 20230502123824.1
041 0 |a slo 
041 0 |a cze 
044 |a SK 
245 1 0 |a Tipy a nápady pre/pro šéfa  |b poradenský list pro vynikajíci marketing vztahů 
264 1 |a Bratislava  |b UNIAPRESS INTERNATIONAL 
610 2 0 |a marketing 
610 2 0 |a odbyt 
610 2 0 |a predaj